|
|
|
|
| LEADER |
00899nam a2200229 a 4500 |
| 001 |
1591608 |
| 008 |
090827s1980 nyu s 000 0 eng d |
| 010 |
|
|
|a 93239404
|
| 040 |
|
|
|a DLC
|c DLC
|
| 082 |
0 |
0 |
|a 379.1/1/096021
|2 20
|
| 245 |
0 |
0 |
|a Education sector policy paper.
|
| 250 |
|
|
|a 3rd ed.
|
| 260 |
|
|
|a Washington :
|b World bank,
|c 1980.
|
| 300 |
|
|
|a 39 p. ;
|c 21 cm.
|
| 500 |
|
|
|a "Corrected and reprinted in September 1991"--Colophon.
|
| 541 |
1 |
|
|e 00003258
|
| 650 |
|
0 |
|a Education
|z World
|x Finance
|x Statistics.
|
| 650 |
|
0 |
|a Education
|x Economic aspects
|z World
|x Statistics.
|
| 710 |
2 |
|
|a World Bank.
|
| 852 |
4 |
|
|a Ayesha Abed Library
|j General shelf
|
| 999 |
|
|
|c 3933
|d 3933
|
| 952 |
|
|
|0 0
|1 0
|2 ddc
|4 0
|6 379_110960210000000_EDU_1980
|7 0
|8 NFIC
|9 3580
|a BRACUL
|b BRACUL
|c GEN
|d 2009-09-15
|g 0.00
|l 2
|m 17
|o 379.11096021 EDU
|p 3010003258
|r 2017-04-15
|s 2017-01-01
|t 1
|w 2009-09-15
|y BK
|x No price found in the accession register.
|